Experimental Investigation of Multi-Particles Sorting using Microfluidic Devices / (Record no. 607459)

000 -LEADER
fixed length control field 01893nam a22001577a 4500
082 ## - DEWEY DECIMAL CLASSIFICATION NUMBER
Classification number 621
100 ## - MAIN ENTRY--PERSONAL NAME
Personal name Qurashi, Muhammad Siddique
245 ## - TITLE STATEMENT
Title Experimental Investigation of Multi-Particles Sorting using Microfluidic Devices /
Statement of responsibility, etc. Muhammad Siddique Qurashi
264 ## - PRODUCTION, PUBLICATION, DISTRIBUTION, MANUFACTURE, AND COPYRIGHT NOTICE
Place of production, publication, distribution, manufacture Islamabad :
Name of producer, publisher, distributor, manufacturer SMME- NUST;
Date of production, publication, distribution, manufacture, or copyright notice 2023.
300 ## - PHYSICAL DESCRIPTION
Extent 45p.
Other physical details Soft Copy
Dimensions 30cm
500 ## - GENERAL NOTE
General note In inertial Microfluidic field, movement of different particle causes different equilibrium<br/>position in microchannel because of the inertial effects. For particle sorting this is not appreciable.<br/>So with the help of secondary flow (which is at right angle to the primary flow) and drag of<br/>particles, number of equilibrium positions can be reduced and this also help in focusing of the<br/>particles. Amplitude and direction of secondary flow can be influenced by the curved configuration<br/>of the microchannel. In this thesis work, three different size of blood cells (Erythrocyte 9µm,<br/>Lymphocyte 15µm and Monocyte 20µm) were analyzed using passive techniques. We used two<br/>different techniques for the manufacturing of microchannel. First microchannel was produced by<br/>using SLA 3D printing and second channel was manufacture by using laser cutting technique. In<br/>both techniques, there was only one inlet and three outlets. We use three different angles (30, 60<br/>and 90) between outlets for each manufacturing technique. Both channels were studied under<br/>microscope. Among these two channels laser channel gives better results. After taking images with<br/>the help of microscope, image post processing was done by using MATLAB. We can use that<br/>microfluidic device in medical labs as it is easy to use, portable and had low cost.
650 ## - SUBJECT ADDED ENTRY--TOPICAL TERM
Topical term or geographic name entry element MS Mechanical Engineering
700 ## - ADDED ENTRY--PERSONAL NAME
Personal name Supervisor : Dr. Emad Uddin
856 ## - ELECTRONIC LOCATION AND ACCESS
Uniform Resource Identifier <a href="http://10.250.8.41:8080/xmlui/handle/123456789/32665">http://10.250.8.41:8080/xmlui/handle/123456789/32665</a>
942 ## - ADDED ENTRY ELEMENTS (KOHA)
Source of classification or shelving scheme
Koha item type Thesis
Holdings
Withdrawn status Permanent Location Current Location Shelving location Date acquired Full call number Barcode Koha item type
  School of Mechanical & Manufacturing Engineering (SMME) School of Mechanical & Manufacturing Engineering (SMME) E-Books 01/22/2024 621 SMME-TH-834 Thesis
© 2023 Central Library, National University of Sciences and Technology. All Rights Reserved.